Literárna prechádzka po dolnom Liptove

Bibliographic Details
Main Author: Rezník, Ján (Author)
Other Authors: Chromek, Peter (Photographer), Lacika, Ján, 1956- (Photographer)
Format: Article
Language:Slovak
PhysicalDescription:Fotogr., obr.
ISSN:0323-0643
Subjects:

MARC

LEADER 00000nab a2200000 a 4500
001 vtls010258926
003 SK-MaSNL
005 20260304161120.0
008 25050719c2009 xo o |||||||||||||||slol
015 |a SNBRB2009/07 
035 |a SVKKK000096752 
035 |a urn:nbn:sk:snk-ab2wi4 
035 |a (urnnbn)urn:nbn:sk:snk:ar-a03192 
035 |a (uuid)0db34e54-b40b-4a6f-abf0-4e6807b69768 
038 |a SVKKK 
040 |a SNKBUCL  |b slo  |c SNKBUCL  |e AACR2 
041 0 |a slo 
044 |a xo  |c SK 
080 |a 911.3:82  |x (437.6)  |2 1997 
080 |a 93/99:82  |x (437.6)  |2 1997 
080 |a 379.85  |2 1997 
080 |a 929  |2 1997 
100 1 |a Rezník, Ján  |4 aut  |9 681144 
245 1 0 |a Literárna prechádzka po dolnom Liptove  |c Jaroslav Rezník ; Peter Chromek, Ján Lacika 
300 |b Fotogr., obr. 
650 0 7 |a slovenské mestá  |2 SNKPH  |9 589491 
650 0 7 |a literárne pamiatky  |2 SNKPH  |9 202083 
650 0 7 |a spisovatelia  |2 SNKPH  |9 4982 
651 7 |a Liptov (Slovensko : región)  |2 SNKPHgeo  |9 151081 
700 1 |a Chromek, Peter  |4 pht  |9 324548 
700 1 |a Lacika, Ján,  |d 1956-  |4 pht  |9 101502 
773 0 |t Krásy Slovenska  |g Roč. 86, č. 7-8 (2009), s. 36-41  |x 0323-0643 
850 |a Slovenská národná knižnica 
852 |a Slovenská národná knižnica 
954 |a odborná, vedecká literatúra pôvodná (slovenská)  |2 lita 
958 |a article27 
958 |a OND 
958 |a EUIPO 
999 |c 2970038  |d 2971968